000 00791nam a2200265 a 4500
001 BRL_28
005 20190320210545.0
008 740417s1966 mx-a######---#000-0#spa-#
040 _aDLC
_cNIC
_dOCoLC
041 _aspa
044 _amx
050 4 _aNB253
_b.M39 1966
100 1 _aMaza, Francisco de la
_d1913-1972
_9278
245 1 0 _aEl alabastro en el arte colonial de México
_cpor Francisco de la Maza.
260 _aMéxico
_bINAH
_c1966
300 _a137 p.
_bil. (algunas a color), 50 láminas
_c24 cm.
440 0 _aDepartamento de Monumentos Coloniales
_v18
_922690
500 _aAu79
650 1 4 _aEscultura
_zMéxico
_93562
650 1 4 _aDecoración y ornamentación
_93592
650 1 4 _aArquitectura
_95213
650 1 4 _aAlabastro
_922691
902 _aGRL
942 _2lcc
_cB
999 _c8841
_d8841